000 01176nam a2200313 a 4500
005 20160331101742.0
008 140227t1999 ck abd fr|||| 00| 0 spa d
020 _a958953781 (Estudios en la amazonia Colombiana)
020 _a9589365086 (Volumen XVIII)
040 _aCO-BoIAVH
_cCO-BoIAVH
041 0 _aspa
044 _ack
090 _aRE-
_b00060
100 1 _aRodríguez Fernández, Carlos Alberto
245 1 0 _aArponeros de la trampa del sol :
_bsustentabilidad de la pesca comercial en el medio río Caquetá
246 0 1 _aHarpooners of the trap of the sun :
_bsustainability of commercial fisheries in the middle Caquetá
250 _aPrimera edición
260 _aBogotá :
_bTropenbos Colombia,
_cc1999.
300 _a202 páginas :
_bIlustraciones, mapas gráficas ;
_c24 x 17 cm.
490 0 _aEstudios en la amazonia Colombiana
_v18
650 6 _aSostenibilidad
650 6 _aPesca
650 6 _aComercio de especies
650 6 _aAspectos socioculturales
650 6 _aAspectos socioeconómicos
650 4 _aPesca comercial
662 _aColombia
_cRío Caquetá
_bAmazonas
942 _cLIBRO
_2ddc
999 _c1477
_d1477